<?xml version="1.0" encoding="UTF-8"?>
<record
    xmlns:xsi="http://www.w3.org/2001/XMLSchema-instance"
    xsi:schemaLocation="http://www.loc.gov/MARC21/slim http://www.loc.gov/standards/marcxml/schema/MARC21slim.xsd"
    xmlns="http://www.loc.gov/MARC21/slim">

  <leader>01158cam a22003011  4500</leader>
  <controlfield tag="001">5965</controlfield>
  <controlfield tag="003">BD-RjUL</controlfield>
  <controlfield tag="005">20211208234149.0</controlfield>
  <controlfield tag="008">080114s1953    nyu           000 0 eng</controlfield>
  <datafield tag="035" ind1=" " ind2=" ">
    <subfield code="a">(BD-RjUL)6004</subfield>
  </datafield>
  <datafield tag="035" ind1=" " ind2=" ">
    <subfield code="a">(OCoLC)264585</subfield>
  </datafield>
  <datafield tag="040" ind1=" " ind2=" ">
    <subfield code="a">DLC</subfield>
    <subfield code="c">OYU</subfield>
    <subfield code="d">OCoLC</subfield>
    <subfield code="d">(BD-RjUL)</subfield>
    <subfield code="b">eng</subfield>
  </datafield>
  <datafield tag="041" ind1=" " ind2=" ">
    <subfield code="a">eng</subfield>
  </datafield>
  <datafield tag="051" ind1=" " ind2=" ">
    <subfield code="a">PS3511.A784</subfield>
    <subfield code="b">P37 1953</subfield>
    <subfield code="c">Additional gift: Estate of Paul Avrich, 2006. Dust jacket. Has name of former owner, Luigi Quintiliano handwritten on front paste-down.</subfield>
  </datafield>
  <datafield tag="082" ind1=" " ind2=" ">
    <subfield code="a">759.13</subfield>
    <subfield code="b">FAP 1953</subfield>
  </datafield>
  <datafield tag="100" ind1="1" ind2=" ">
    <subfield code="a">Fast, Howard,</subfield>
    <subfield code="d">1914-2003.</subfield>
    <subfield code="9">12736</subfield>
  </datafield>
  <datafield tag="245" ind1="1" ind2="4">
    <subfield code="a">The passion of Sacco and Vanzetti :</subfield>
    <subfield code="b">a New England legend /</subfield>
    <subfield code="c">by Howard Fast.</subfield>
  </datafield>
  <datafield tag="260" ind1=" " ind2=" ">
    <subfield code="a">New York :</subfield>
    <subfield code="b">Blue Heron Press,</subfield>
    <subfield code="c">1953.</subfield>
  </datafield>
  <datafield tag="300" ind1=" " ind2=" ">
    <subfield code="a">254 p. ;</subfield>
    <subfield code="c">21 cm.</subfield>
  </datafield>
  <datafield tag="600" ind1="1" ind2="0">
    <subfield code="a">Sacco, Nicola,</subfield>
    <subfield code="d">1891-1927</subfield>
    <subfield code="9">18751</subfield>
  </datafield>
  <datafield tag="600" ind1="1" ind2="0">
    <subfield code="a">Vanzetti, Bartolomeo,</subfield>
    <subfield code="d">1888-1927</subfield>
    <subfield code="9">18752</subfield>
  </datafield>
  <datafield tag="650" ind1=" " ind2="0">
    <subfield code="a">Sacco-Vanzetti Trial, Dedham, Mass., 1921</subfield>
    <subfield code="v">Fiction.</subfield>
    <subfield code="9">18753</subfield>
  </datafield>
  <datafield tag="700" ind1="1" ind2=" ">
    <subfield code="a">Quintiliano, Luigi,</subfield>
    <subfield code="d">1893-1970,</subfield>
    <subfield code="e">former owner.</subfield>
    <subfield code="5">DLC</subfield>
    <subfield code="9">18754</subfield>
  </datafield>
  <datafield tag="710" ind1="2" ind2=" ">
    <subfield code="a">Paul Avrich Collection (Library of Congress)</subfield>
    <subfield code="5">DLC</subfield>
    <subfield code="9">11205</subfield>
  </datafield>
  <datafield tag="942" ind1=" " ind2=" ">
    <subfield code="2">ddc</subfield>
    <subfield code="c">BK</subfield>
  </datafield>
  <datafield tag="999" ind1=" " ind2=" ">
    <subfield code="c">5965</subfield>
    <subfield code="d">5965</subfield>
  </datafield>
  <datafield tag="952" ind1=" " ind2=" ">
    <subfield code="0">0</subfield>
    <subfield code="1">0</subfield>
    <subfield code="2">ddc</subfield>
    <subfield code="4">0</subfield>
    <subfield code="7">1</subfield>
    <subfield code="8">NFIC</subfield>
    <subfield code="a">RUCL</subfield>
    <subfield code="b">RUCL</subfield>
    <subfield code="c">reading</subfield>
    <subfield code="d">1990-10-20</subfield>
    <subfield code="e">sweets and Zitlinger</subfield>
    <subfield code="l">0</subfield>
    <subfield code="o">759.13 FAP 1953</subfield>
    <subfield code="r">2014-01-08 00:00:00</subfield>
    <subfield code="t">C-1</subfield>
    <subfield code="w">2014-01-08</subfield>
    <subfield code="y">BK</subfield>
  </datafield>
</record>
